Toolkits : (Record no. 3344)

MARC details
000 -LEADER
fixed length control field 00604nam a2200205 4500
003 - CONTROL NUMBER IDENTIFIER
control field OSt
005 - DATE AND TIME OF LATEST TRANSACTION
control field 20160330182712.0
008 - FIXED-LENGTH DATA ELEMENTS--GENERAL INFORMATION
fixed length control field 160330b xxu||||| |||| 00| 0 eng d
020 ## - INTERNATIONAL STANDARD BOOK NUMBER
International Standard Book Number 1870322932
040 ## - CATALOGING SOURCE
Transcribing agency 040a
082 ## - DEWEY DECIMAL CLASSIFICATION NUMBER
Classification number 330
Item number GOS 1995
100 ## - MAIN ENTRY--PERSONAL NAME
Personal name Gosling, Louisa
9 (RLIN) 7485
245 ## - TITLE STATEMENT
Title Toolkits :
Remainder of title a practical guide to assessment, monitoring, review and evaluations /
Statement of responsibility, etc. Louisa Gosling
260 ## - PUBLICATION, DISTRIBUTION, ETC. (IMPRINT)
Place of publication, distribution, etc. London
Name of publisher, distributor, etc. Save the children
Date of publication, distribution, etc. 1995
300 ## - PHYSICAL DESCRIPTION
Extent ii, 254p;
Dimensions 10 cm
504 ## - BIBLIOGRAPHY, ETC. NOTE
Bibliography, etc Includes index
650 ## - SUBJECT ADDED ENTRY--TOPICAL TERM
Topical term or geographic name as entry element Monitoring and evaluation
9 (RLIN) 7486
700 ## - ADDED ENTRY--PERSONAL NAME
Personal name Edwards, Mike
9 (RLIN) 7487
942 ## - ADDED ENTRY ELEMENTS (KOHA)
Source of classification or shelving scheme Dewey Decimal Classification
Koha item type Short Loan
Holdings
Withdrawn status Lost status Source of classification or shelving scheme Damaged status Not for loan Home library Current library Date acquired Inventory number Total Checkouts Full call number Barcode Date last seen Price effective from Koha item type
    Dewey Decimal Classification     MUST Main Library MUST Main Library 30/03/2016 10015   330 GOS 1995 2016-0549 30/03/2016 30/03/2016 Short Loan